Blackstone's EU treaties & legislation, 2018-2019 / (Record no. 26967)
[ view plain ]
| 000 -LEADER | |
|---|---|
| fixed length control field | 01379cam a22003255a 4500 |
| 001 - CONTROL NUMBER | |
| control field | 018921363 |
| 003 - CONTROL NUMBER IDENTIFIER | |
| control field | Uk |
| 005 - DATE AND TIME OF LATEST TRANSACTION | |
| control field | 20181112114830.0 |
| 008 - FIXED-LENGTH DATA ELEMENTS--GENERAL INFORMATION | |
| fixed length control field | 180620s2018 enk frb 001 0 eng d |
| 015 ## - NATIONAL BIBLIOGRAPHY NUMBER | |
| National bibliography number | GBB8B9588 |
| Source | bnb |
| 016 7# - NATIONAL BIBLIOGRAPHIC AGENCY CONTROL NUMBER | |
| Record control number | 018921363 |
| Source | Uk |
| 020 ## - INTERNATIONAL STANDARD BOOK NUMBER | |
| International Standard Book Number | 9780198818564 (pbk.) |
| 040 ## - CATALOGING SOURCE | |
| Original cataloging agency | StDuBDS |
| Language of cataloging | eng |
| Transcribing agency | StDuBDS |
| Modifying agency | EG-ScBUE |
| 082 04 - DEWEY DECIMAL CLASSIFICATION NUMBER | |
| Classification number | 341.2422 |
| Item number | BLA |
| Edition number | 22 |
| 245 00 - TITLE STATEMENT | |
| Title | Blackstone's EU treaties & legislation, 2018-2019 / |
| Statement of responsibility, etc | edited by Nigel Foster. |
| 246 3# - VARYING FORM OF TITLE | |
| Title proper/short title | Blackstone's EU treaties & legislation, 2018-2019 |
| 246 30 - VARYING FORM OF TITLE | |
| Title proper/short title | EU treaties and legislation, 2018-2019 |
| 250 ## - EDITION STATEMENT | |
| Edition statement | 29th ed. |
| 260 ## - PUBLICATION, DISTRIBUTION, ETC. (IMPRINT) | |
| Place of publication, distribution, etc | Oxford : |
| Name of publisher, distributor, etc | Oxford University Press, |
| Date of publication, distribution, etc | 2018. |
| 300 ## - PHYSICAL DESCRIPTION | |
| Extent | xxxii, 660 p. |
| Dimensions | 25 cm. |
| 490 0# - Series Statement | |
| Series statement | Blackstone's statutes series |
| 504 ## - BIBLIOGRAPHY, ETC. NOTE | |
| Bibliography, etc | Includes bibliographical references and index. |
| 520 ## - SUMMARY, ETC. | |
| Summary, etc | Celebrating over 30 years as the market-leading series, Blackstone's Statutes have an unrivalled tradition of trust and quality. With a rock-solid reputation for accuracy, reliability, and authority, they remain first-choice for students and lecturers, providing a careful selection of all the up-to-date legislation needed for exams and course use. |
| 650 #7 - SUBJECT ADDED ENTRY--TOPICAL TERM | |
| Topical term or geographic name as entry element | Law |
| Geographic subdivision | European Union countries. |
| Source of heading or term | BUEsh |
| 651 ## - SUBJECT ADDED ENTRY--GEOGRAPHIC NAME | |
| Source of heading or term | BUEsh |
| 653 ## - INDEX TERM--UNCONTROLLED | |
| Resource For college | Law |
| Arrived date list | November2018 |
| BestSellers | Best Sellers |
| 655 ## - INDEX TERM--GENRE/FORM | |
| Form subdivision | Text book |
| 700 10 - ADDED ENTRY--PERSONAL NAME | |
| Personal name | Foster, Nigel G., |
| Relator term | editor. |
| 942 ## - ADDED ENTRY ELEMENTS (KOHA) | |
| Source of classification or shelving scheme | Dewey Decimal Classification |
| Withdrawn status | Item status | Source of classification or shelving scheme | Damaged status | Not for loan | Vendor | Home library | Current library | Shelving location | Date acquired | Source of acquisition | Cost, normal purchase price | Total Checkouts | Full call number | Barcode | Date last seen | Koha item type | Total Renewals | Date last borrowed |
|---|---|---|---|---|---|---|---|---|---|---|---|---|---|---|---|---|---|---|
| Dewey Decimal Classification | Baccah | Central Library | Central Library | First floor | 12/11/2018 | Purchase | 380.00 | 341.2422 BLA | 000043844 | 15/07/2025 | NB - Book (Non borrowing) | |||||||
| Dewey Decimal Classification | Baccah | Central Library | Central Library | First floor | 12/11/2018 | Purchase | 380.00 | 6 | 341.2422 BLA | 000043845 | 25/10/2025 | Book - Borrowing | 11 | 17/10/2024 | ||||
| Dewey Decimal Classification | Baccah | Central Library | Central Library | First floor | 12/11/2018 | Purchase | 380.00 | 5 | 341.2422 BLA | 000043846 | 15/07/2025 | Book - Borrowing | 5 | 09/11/2024 | ||||
| Dewey Decimal Classification | Baccah | Central Library | Central Library | First floor | 12/11/2018 | Purchase | 380.00 | 5 | 341.2422 BLA | 000043847 | 15/07/2025 | Book - Borrowing | 4 | 04/11/2024 | ||||
| Dewey Decimal Classification | Baccah | Central Library | Central Library | First floor | 12/11/2018 | Purchase | 380.00 | 7 | 341.2422 BLA | 000043848 | 15/07/2025 | Book - Borrowing | 19 | 12/11/2024 |